এবারের সংগ্রাম স্বাধীনতার সংগ্রাম / (Record no. 72166)
[ view plain ]
| 000 -LEADER | |
|---|---|
| fixed length control field | 00897nam a2200241 a 4500 |
| 001 - CONTROL NUMBER | |
| control field | 72166 |
| 003 - CONTROL NUMBER IDENTIFIER | |
| rucl marc code | BD-RjUL |
| 005 - DATE AND TIME OF LATEST TRANSACTION | |
| control field | 20211209082223.0 |
| 008 - FIXED-LENGTH DATA ELEMENTS--GENERAL INFORMATION | |
| fixed length control field | 170514s1971 bg |||| |||| 000 0 ben d |
| 020 ## - INTERNATIONAL STANDARD BOOK NUMBER | |
| Terms of availability | : Tk.6.50 |
| 035 ## - SYSTEM CONTROL NUMBER | |
| System control number | (BD-RjUL)72382 |
| 040 ## - CATALOGING SOURCE | |
| Original cataloging agency | BD-RjUL |
| Language of cataloging | ben |
| Transcribing agency | BD-RjUL |
| Modifying agency | BD-RjUL |
| 041 ## - LANGUAGE CODE | |
| Language code of text/sound track or separate title | ben |
| 082 ## - DEWEY DECIMAL CLASSIFICATION NUMBER | |
| Edition number | 23 |
| Classification number | 954.9205 |
| Author mark and year | HAE 1971 |
| 100 ## - MAIN ENTRY--PERSONAL NAME | |
| Personal name | হক, গাজীউল |
| 9 (RLIN) | 164120 |
| 245 10 - TITLE STATEMENT | |
| Title | এবারের সংগ্রাম স্বাধীনতার সংগ্রাম / |
| Statement of responsibility, etc. | গাজীউল হক |
| 250 ## - EDITION STATEMENT | |
| Edition statement | বাং সং . |
| 260 ## - PUBLICATION, DISTRIBUTION, ETC. (IMPRINT) | |
| Place of publication, distribution, etc. | ঢাকা : |
| Name of publisher, distributor, etc. | পুঁথি প্রকাশনী, |
| Date of publication, distribution, etc. | ১৯৭১ [১৩৭৮] |
| 300 ## - PHYSICAL DESCRIPTION | |
| Pagination | ১৫০ পৃ. : |
| Size | ১৯ সেমি. |
| 650 ## - SUBJECT ADDED ENTRY--TOPICAL TERM | |
| Topical term or geographic name as entry element | মুক্তিযুদ্ধ |
| Geographic subdivision | বাংলাদেশ |
| 9 (RLIN) | 164121 |
| Topical term or geographic name as entry element | Liberation War |
| Geographic subdivision | Bangladesh |
| 9 (RLIN) | 164122 |
| 942 ## - ADDED ENTRY ELEMENTS (KOHA) | |
| Source of classification or shelving scheme | Dewey Decimal Classification |
| Koha item type | Books |
| Lost status | Source of classification or shelving scheme | Damaged status | Not for loan | Collection code | Permanent Location | Current Location | Shelving location | Date acquired | Source of acquisition | Cost, normal purchase price | Total Checkouts | Full call number | Date last seen | Copy number | Koha item type |
|---|---|---|---|---|---|---|---|---|---|---|---|---|---|---|---|
| Dewey Decimal Classification | Not For Loan | Non-fiction | Central Library, University of Rajshahi | Central Library, University of Rajshahi | Reading Room | 25/08/1973 | Nowrjkittan | 6.50 | B 954.9205 HAE 1971 | 14/05/2017 | C-1 | Books |